LIBRARY & INFORMATION CENTRE, KCAET, TAVANUR

ONLINE PUBLIC ACCESS CATALOGUE (OPAC)

Horticulture: New technologies and applications / (Record no. 156)

MARC details
000 -LEADER
fixed length control field 00617cam a2200217ua 4500
003 - CONTROL NUMBER IDENTIFIER
control field OSt
008 - FIXED-LENGTH DATA ELEMENTS--GENERAL INFORMATION
fixed length control field 240213b |||||||| |||| 00| 0 eng d
020 ## - INTERNATIONAL STANDARD BOOK NUMBER
ISBN 0-7923-1279-1
041 ## - LANGUAGE CODE
Language code of text/sound track or separate title eng
082 ## - DEWEY DECIMAL CLASSIFICATION NUMBER
Classification number 635 PRA/HO
Item number PRA/HO
100 ## - MAIN ENTRY--AUTHOR NAME
Personal name Prakash, J .
245 00 - TITLE STATEMENT
Title Horticulture: New technologies and applications /
250 ## - EDITION STATEMENT
Edition statement 1 /
260 ## - PUBLICATION, DISTRIBUTION, ETC. (IMPRINT)
Place of publication London :
Name of publisher Kluwer Academic Publishers ,
Year of publication 1990.
300 ## - PHYSICAL DESCRIPTION
Number of Pages 414 ; .
490 0# - SERIES STATEMENT
Series statement Current plant science and biotechnology in agriculture,
650 ## - SUBJECT ADDED ENTRY--TOPICAL TERM
Topical Term Horticulture
650 ## - SUBJECT ADDED ENTRY--TOPICAL TERM
Topical Term Proceedings
700 1# - ADDED ENTRY--PERSONAL NAME
Personal name Pierik, R L M .
942 ## - ADDED ENTRY ELEMENTS (KOHA)
Koha item type Books
Holdings
Withdrawn status Lost status Damaged status Home library Current library Date acquired Full call number Accession Number Koha item type
      KAUAET KAUAET 07/04/2012 635 PRA/HO 19378 Books
free website counter